Fidel : (Registro nro. 14150)

Detalles MARC
000 -LIDER
fixed length control field 00818nam a2200289 i 4500
001 - NÚMERO DE CONTROL
Identificador de número de control
003 - IDENTIFICACDOR DE NÚMERO DE CONTROL
control field
005 - DATE AND TIME OF LATEST TRANSACTION
control field 20220407130904.0
008 - ELEMENTOS DE LONGITUD FIJA
fixed length control field 890202s19uu sp spa
040 ## - FUENTE DE CATALOGACIÓN
Agencia que crea de manera original el registro BPMSU
Idioma de catalogación spa
Agencia que realiza la transcripción BPMSU
Convenciones de la despripción
080 ## - NÚMERO DE CLASIFICACIÓN DECIMAL UNIVERSAL
Universal Decimal Classification number
080 ## - NÚMERO DE CLASIFICACIÓN DECIMAL UNIVERSAL
Universal Decimal Classification number
080 ## - NÚMERO DE CLASIFICACIÓN DECIMAL UNIVERSAL
Universal Decimal Classification number
082 ## - NÚMERO DE CLASIFICACIÓN DECIMAL DE DEWEY
Classification number 923.17291
Item number C355S
Edition number 22
100 1# - ASIENTO PRINCIPAL -- NOMBRE PERSONAL
Nombre personal Szulc, Tad
Fechas asociadas con el nombre 1926-2001
Authority record control number
245 10 - MENCIÓN DE TITULO
Título Fidel :
Medio (Designación general de material)
Subtítulo un retrato crítico /
Mención de responsabilidad Tad Szulc ; traducido por Ramón Garriga-Marquès ; Esteve Riambau.
260 ## - PUBLICACIÓN, DISTRIBUCIÓN, ETC. (PIE DE IMPRENTA)
Lugar de publicación, distribución, etc Barcelona
Nombre del editor, distribuidor, etc. Grijalbo,
Fecha de publicación, distribución, etc 198-?]
300 ## - DESCRIPCIÓN FÍSICA
Extensión 789 p. ;
Dimensiones 22 cm
Otros detalles físicos
500 ## - NOTA GENERAL
Nota general Incluye índice
504 ## - NOTA DE BIBLIOGRAFÍA, ETC.
Bibliography, etc Bibliografía: p. [769]-778
590 ## - NOTA LOCAL
Enlace Inventariado, 2022/VM
600 17 - ENCABEZAMIENTO DE MATERIA--NOMBRE PERSONAL
Nombre personal Castro, Fidel
Fechas asociadas con el nombre 1927-2016
Fuente del encabezado o término embne
651 #7 - ENCABEZAMIENTO DE MATERIA--NOMBRE GEOGRÁFICO
Nombre geográfico Cuba
Subdivisión temática general Política y gobierno
Subdivisión cronológica 1959-
Fuente del encabezamiento o término embne
910 ## - VALIDACIÓN
Validación VMateo V.
942 ## - ADDED ENTRY ELEMENTS (KOHA)
Source of classification or shelving scheme Dewey Decimal Classification
Koha item type Archivos digitales
956 ## - LOCAL ELECTRONIC LOCATION AND ACCESS (OCLC)
Nombre de host 1 2
Existencias
Withdrawn status Lost status Source of classification or shelving scheme Damaged status Not for loan Collection code Home library Current library Date acquired Total Checkouts Full call number Barcode Date last seen Price effective from Koha item type
    Dewey Decimal Classification     Colección General Biblioteca Pública Metropolitana Salomé Ureña Biblioteca Pública Metropolitana Salomé Ureña 04/07/2022   BPMSU CG 923.17291 C355S BPMSU22040024 04/07/2022 04/07/2022 Archivos digitales